书目信息 |
| 题名: |
西路军魂
|
|
| 作者: | 刘秉荣 著 ;中共哈密地委党史工作委员会 编 | |
| 分册: | ||
| 出版信息: | 北京 群众出版社 1991 |
|
| 页数: | 351页 | |
| 开本: | 20cm | |
| 丛书名: | ||
| 单 册: | ||
| 中图分类: | E297.2 | |
| 科图分类: | 36.20483 | |
| 主题词: | 红四方面军--史料 | |
| 电子资源: | ||
| ISBN: | 7-5014-0634-0 | |
| 000 | 00708nam0 2200241 45 | |
| 001 | 0196033193 | |
| 005 | 20070721090825.28 | |
| 010 | @a7-5014-0634-0@dCNY5.30 | |
| 100 | @a19960802d1991 y0chiy0121 ea | |
| 101 | 0 | @achi |
| 102 | @aCN@b110000 | |
| 105 | @af z 000yd | |
| 200 | 10 | @a西路军魂@AXI LU JUN HUN@f刘秉荣著@Fliu bing rong zhu |
| 210 | @a北京@c群众出版社@d1991 | |
| 215 | @a351页@d20cm | |
| 540 | 1 | @a西路军@AXI LU JUN |
| 606 | @a红四方面军@x史料 | |
| 690 | @aE297.2 | |
| 692 | @a36.20483 | |
| 701 | 0 | @a刘秉荣@Aliu bing rong@4著 |
| 711 | 02 | @a中共哈密地委党史工作委员会@AZHONG GONG HA MI DI WEI DANG SHI GONG ZUO WEI YUAN HUI@4编 |
| 801 | 0 | @aCN@bTSSF@c20070721 |
| 905 | @a10447@dE297.2@e65 | |
| 西路军魂/刘秉荣著.-北京:群众出版社,1991 |
| 351页;20cm |
| ISBN 7-5014-0634-0:CNY5.30 |
| ● |
| 相关链接 |
|
|
|
|
正题名:西路军魂
索取号:E297.2/65
 
预约/预借
| 序号 | 登录号 | 条形码 | 馆藏地/架位号 | 状态 | 备注 |
| 1 | 0770024 | 207700246 | 第一样本阅览室/ [索取号:E297.2/65] | 在馆 |